000 00580cam a22002291 4500
001 sa 67000586
003 DLC
005 20260227112315.0
008 890918s1966 ii c b 000 0 beno
010 _asa 67000586
035 _a(OCoLC)20363710
040 _aDLC
_cWaU
_dDLC
042 _apremarc
050 0 0 _aDS481.B59
_bB3
100 1 _aBagchee, Moni.
245 1 0 _aBiplabī Rāsabihārī Basu.
260 _c[1966]
300 _a176, [2] p.
_bports.
_c23 cm.
500 _aIn Bengali.
504 _aBibliography: p. [177]
600 1 0 _aBose, Rash Behari,
_d1886-1945.
999 _c72066
_d72066